Welcome to CU Library Online Public Access Catalogue (OPAC)

The Epistle to the Hebrews / (Record no. 8879)

MARC details
000 -LEADER
fixed length control field 00640cam a2200205 a 4500
001 - CONTROL NUMBER
control field 3415911
005 - DATE AND TIME OF LATEST TRANSACTION
control field 20260304142946.0
008 - FIXED-LENGTH DATA ELEMENTS--GENERAL INFORMATION
fixed length control field 900213s1990 miu b 001 0 eng
020 ## - INTERNATIONAL STANDARD BOOK NUMBER
International Standard Book Number 0802825141
020 ## - INTERNATIONAL STANDARD BOOK NUMBER
International Standard Book Number 9780802825148
050 00 - LIBRARY OF CONGRESS CALL NUMBER
Classification number BS2775.3
Item number .B7 1990
082 00 - DEWEY DECIMAL CLASSIFICATION NUMBER
Classification number 227/.8707
Edition information 20
100 1# - MAIN ENTRY--PERSONAL NAME
Personal name Bruce, F. F.
Fuller form of name (Frederick Fyvie),
Dates associated with a name 1910-1990.
245 14 - TITLE STATEMENT
Title The Epistle to the Hebrews /
Statement of responsibility, etc. by F.F. Bruce.
250 ## - EDITION STATEMENT
Edition statement Rev. ed.
260 ## - PUBLICATION, DISTRIBUTION, ETC.
Place of publication, distribution, etc. Grand Rapids, Mich. :
Name of publisher, distributor, etc. W.B. Eerdmans,
Date of publication, distribution, etc. c1990.
300 ## - PHYSICAL DESCRIPTION
Extent xxii, 426 p. ;
Dimensions 25 cm.
440 #4 - SERIES STATEMENT/ADDED ENTRY--TITLE
Title The New international commentary on the New Testament
942 ## - ADDED ENTRY ELEMENTS (KOHA)
Source of classification or shelving scheme Library of Congress Classification
Koha item type Books
Edition revised edition
Suppress in OPAC No
999 ## -
-- 8879
-- 8879
Holdings
Withdrawn status Lost status Source of classification or shelving scheme Damaged status Not for loan Collection Home library Current library Shelving location Date acquired Total checkouts Full call number Barcode Date last seen Copy number Price effective from Koha item type
    Library of Congress Classification     Non-fiction Business Library (Miotso) Business Library (Miotso) General stacks 03/04/2026   BS2775.3 .B7 1990 BSSM00002437 03/04/2026 1 03/04/2026 Books
© 2023-2024 Copyright: Central University Libraries. All Rights Reserved | Created by: Mahone Tech Office